秋田県の市町村 (2000年) - Statistics

General Stats
  • This quiz has been taken 66 times
    49 since last reset
  • The average score is 46 of 69
Answers on the Map
Answers color-coded by a green-red scale on the quiz's map according to % correct below.
 
Answer Stats
ヒント 市町村名 % Correct
仙北郡 角館町かくのだてまち
100%
仙北郡 田沢湖町たざわこまち
100%
秋田市あきたし
96%
横手市よこてし
96%
大館市おおだてし
96%
男鹿市おがし
96%
由利郡 仁賀保町にかほまち
96%
湯沢市ゆざわし
93%
鹿角市かづのし
93%
南秋田郡 大潟村おおがたむら
93%
由利郡 象潟町きさかたまち
93%
由利郡 由利町ゆりまち
93%
仙北郡 仙北町せんぼくまち
93%
能代市のしろし
89%
本荘市ほんじょうし
89%
鹿角郡 小坂町こさかまち
89%
北秋田郡 阿仁町あにまち
89%
北秋田郡 上小阿仁村かみこあにむら
89%
南秋田郡 八郎潟町はちろうがたまち
89%
大曲市おおまがりし
86%
南秋田郡 五城目町ごじょうめまち
86%
北秋田郡 鷹巣町たかのすまち
82%
山本郡 八森町はちもりまち
79%
山本郡 藤里町ふじさとまち
79%
南秋田郡 井川町いかわまち
79%
雄勝郡 羽後町うごまち
79%
雄勝郡 東成瀬村ひがしなるせむら
79%
雄勝郡 雄勝町おがちまち
75%
山本郡 二ツ井町ふたついまち
71%
山本郡 峰浜村みねはまむら
71%
由利郡 矢島町やしままち
71%
由利郡 鳥海町ちょうかいまち
71%
北秋田郡 比内町ひないまち
68%
山本郡 山本町やまもとまち
64%
南秋田郡 天王町てんのうまち
64%
由利郡 金浦町このうらまち
64%
由利郡 東由利町ひがしゆりまち
64%
平鹿郡 十文字町じゅうもんじまち
64%
南秋田郡 飯田川町いいたがわまち
61%
河辺郡 雄和町ゆうわまち
61%
由利郡 岩城町いわきまち
61%
仙北郡 協和町きょうわまち
61%
南秋田郡 昭和町しょうわまち
57%
河辺郡 河辺町かわべまち
57%
由利郡 西目町にしめまち
57%
仙北郡 西木村にしきむら
57%
平鹿郡 平鹿町ひらかまち
57%
平鹿郡 雄物川町おものがわまち
57%
仙北郡 中仙町なかせんまち
54%
南秋田郡 若美町わかみまち
50%
仙北郡 西仙北町にしせんぼくまち
50%
仙北郡 仙南村せんなんむら
50%
平鹿郡 山内村さんないむら
50%
北秋田郡 森吉町もりよしまち
46%
北秋田郡 合川町あいかわまち
46%
由利郡 大内町おおうちまち
46%
仙北郡 六郷町ろくごうまち
46%
平鹿郡 大雄村たいゆうむら
46%
仙北郡 太田町おおたまち
43%
雄勝郡 皆瀬村みなせむら
43%
山本郡 八竜町はちりゅうまち
39%
仙北郡 千畑町せんはたまち
39%
平鹿郡 増田町ますだまち
39%
雄勝郡 稲川町いなかわまち
39%
北秋田郡 田代町たしろまち
36%
山本郡 琴丘町ことおかまち
36%
平鹿郡 大森町おおもりまち
36%
仙北郡 南外村なんがいむら
25%
仙北郡 神岡町かみおかまち
21%
No matching quizzes found
Score Distribution
Percent of People with Each Score
Percentile by Number Answered
Your Score History
You have not taken this quiz since the last reset